Уран: запасы, добыча, перспективы, проблемы; Состояние и пути развития российской энергетики

Detalhes bibliográficos
Parent link:Состояние и пути развития российской энергетики.— 2014.— [С. 6-9]
Autor principal: Сондор Д. В.
Resumo:Заглавие с титульного экрана
Idioma:russo
Publicado em: 2014
Colecção:Добыча и транспортировка минеральных энергоресурсов
Assuntos:
Acesso em linha:http://earchive.tpu.ru/handle/11683/69681
http://www.lib.tpu.ru/fulltext/c/2014/C82/002.pdf
Formato: Recurso Electrónico Capítulo de Livro
KOHA link:https://koha.lib.tpu.ru/cgi-bin/koha/opac-detail.pl?biblionumber=609378

MARC

LEADER 00000naa2a2200000 4500
001 609378
005 20231101132544.0
035 |a (RuTPU)RU\TPU\conf\6844 
035 |a RU\TPU\conf\6843 
090 |a 609378 
100 |a 20141111d2014 k y0rusy50 ca 
101 0 |a rus 
102 |a RU 
105 |a y z 101zy 
135 |a drgn ---uucaa 
181 0 |a i  
182 0 |a b 
200 1 |a Уран: запасы, добыча, перспективы, проблемы  |f Д. В. Сондор 
203 |a Текст  |c электронный 
225 1 |a Добыча и транспортировка минеральных энергоресурсов 
230 |a 1 компьютерный файл (pdf; 184 Кб) 
300 |a Заглавие с титульного экрана 
320 |a [Библиогр.: с. 9 (6 назв.)] 
337 |a Adobe Reader 
463 0 |0 (RuTPU)RU\TPU\conf\6754  |t Состояние и пути развития российской энергетики  |o материалы Всероссийской молодёжной научной школы - конференции, г. Томск, 21-23 октября 2014 г.  |f Национальный исследовательский Томский политехнический университет (ТПУ), Энергетический институт (ЭНИН) ; ред. кол. В. Я. Ушаков и др.  |v [С. 6-9]  |d 2014 
610 1 |a труды учёных ТПУ 
610 1 |a электронный ресурс 
610 1 |a уран 
610 1 |a запасы 
610 1 |a перспективы 
610 1 |a проблемы 
610 1 |a атомная энергетика 
610 1 |a альтернативное топливо 
610 1 |a электрическая энергия 
700 1 |a Сондор  |b Д. В. 
801 2 |a RU  |b 63413507  |c 20220221  |g RCR 
856 4 |u http://earchive.tpu.ru/handle/11683/69681 
856 4 |u http://www.lib.tpu.ru/fulltext/c/2014/C82/002.pdf 
942 |c BK